[Event "Ustron op-B"]
[Site "Ustron"]
[Date "2023.08.16"]
[Round "6"]
[White "Radecki, Adam"]
[Black "Madajczak, Piotr"]
[Result "1-0"]
[WhiteElo "2012"]
[BlackElo "2072"]
[PlyCount "107"]
[EventDate "2023.08.11"]
[EventType "swiss"]
[EventRounds "9"]
[EventCountry "POL"]
[SourceTitle "CBM 215 Extra"]
[Source "ChessBase"]
[SourceDate "2023.09.30"]
[SourceVersion "1"]
[SourceVersionDate "2023.09.30"]
[SourceQuality "1"]

1. d4 Nf6 2. c4 e6 3. Nc3 Bb4 4. Nf3 0-0 5. Qc2 d5 6. e3 c5 7. a3 cxd4 8. exd4 Be7 9. cxd5 Nxd5 10. Bd3 h6 11. 0-0 Nc6 12. Rd1 Nxc3 13. bxc3 b6 14. Qe2 Qc7 15. Qe4 f5 16. Qe2 Na5 17. Bb2 Bf6 18. Nd2 Bd7 19. Nc4 Nxc4 20. Bxc4 Rfe8 21. Re1 Kh8 22. Bb3 e5 23. Qh5 exd4 24. cxd4 Qf4 25. Red1 Qe4 26. h3 Qe2 27. Qxe2 Rxe2 28. Bc1 Rc8 29. Be3 Rb2 30. Rab1 Rxb1 31. Rxb1 g5 32. g3 Kg7 33. a4 Rc3 34. a5 f4 35. gxf4 gxf4 36. Bxf4 Bf5 37. axb6 Bxb1 38. bxa7 Be4 39. d5 Rxh3 40. f3 Bxf3 41. Be3 Bh4 42. Kf1 Bg2+ 43. Kxg2 Rxe3 44. a8Q Rxb3 45. Qa7+ Kf6 46. Qd4+ Kf5 47. d6 Rg3+ 48. Kh2 Rg4 49. Qd5+ Kg6 50. Qe6+ Kh5 51. d7 Bg5 52. Kh3 Rh4+ 53. Kg3 Bf4+ 54. Kf3 1-0

[Event "Ustron op-B"]
[Site "Ustron"]
[Date "2023.08.13"]
[Round "3"]
[White "Radecki, Adam"]
[Black "Leskiewicz, Ignacy"]
[Result "0-1"]
[WhiteElo "2012"]
[BlackElo "2139"]
[PlyCount "72"]
[EventDate "2023.08.11"]
[EventType "swiss"]
[EventRounds "9"]
[EventCountry "POL"]
[SourceTitle "CBM 215 Extra"]
[Source "ChessBase"]
[SourceDate "2023.09.30"]
[SourceVersion "1"]
[SourceVersionDate "2023.09.30"]
[SourceQuality "1"]

1. e4 c6 2. d3 d5 3. Nd2 e5 4. g3 Nf6 5. Ngf3 Qc7 6. Bg2 Be7 7. 0-0 0-0 8. Re1 d4 9. Nc4 Nfd7 10. a4 b5 11. axb5 cxb5 12. Na3 Bxa3 13. Rxa3 b4 14. Ra1 a5 15. Nh4 Nc5 16. f4 b3 17. fxe5 Nc6 18. c3 Rd8 19. Bf1 dxc3 20. bxc3 Nxd3 21. Bxd3 b2 22. Bxb2 Qb6+ 23. Kh1 Nxe5 24. Qc2 Nxd3 25. Re2 Bb7 26. Ba3 Rac8 27. Nf5 Rc4 28. Rb1 Rxe4 29. Rxb6 Rxe2+ 30. Rxb7 Rxc2 31. Ne7+ Kh8 32. Nf5 Ne5 33. Bd6 Nf3 34. g4 h5 35. Ne3 Rxd6 36. Nxc2 Rd2 0-1

[Event "Ustron op-B"]
[Site "Ustron"]
[Date "2023.08.12"]
[Round "2"]
[White "Szczurek, Krzysztof"]
[Black "Radecki, Adam"]
[Result "0-1"]
[WhiteElo "2195"]
[BlackElo "2012"]
[PlyCount "118"]
[EventDate "2023.08.11"]
[EventType "swiss"]
[EventRounds "9"]
[EventCountry "POL"]
[SourceTitle "CBM 215 Extra"]
[Source "ChessBase"]
[SourceDate "2023.09.30"]
[SourceVersion "1"]
[SourceVersionDate "2023.09.30"]
[SourceQuality "1"]

1. e4 d6 2. Nc3 e5 3. Nf3 Nf6 4. d4 Nbd7 5. Bc4 Be7 6. 0-0 0-0 7. Qe2 c6 8. a4 a5 9. Rd1 Qc7 10. Nh4 Nb6 11. Ba2 exd4 12. Rxd4 d5 13. e5 Ne8 14. Nf3 Bc5 15. Rh4 Bf5 16. Be3 Be7 17. Rf4 Bg6 18. Rg4 Nd7 19. Bf4 Nc5 20. Qd2 Qd7 21. Rg3 Nc7 22. Bg5 Bxg5 23. Nxg5 Qf5 24. f4 N7e6 25. Nxe6 fxe6 26. Rf3 Qxc2 27. Qxc2 Bxc2 28. Rc1 Be4 29. Nxe4 Nxe4 30. h4 Ra6 31. Rc2 Rb6 32. g4 Rb4 33. b3 Rd4 34. Kg2 g6 35. Rf1 Kg7 36. Rf3 Rd1 37. Rb2 Nc5 38. Bb1 Rd4 39. Rbf2 Ne4 40. Bxe4 Rxe4 41. Kg3 h6 42. g5 h5 43. Rc2 Rc8 44. Rfc3 Kf7 45. Rc1 Ke7 46. R1c2 Kd7 47. Rc1 b6 48. Rd1 Rf8 49. Rf3 c5 50. Rc1 Kc6 51. Rc2 Rd8 52. Rd3 Rd7 53. Rc1 Rb4 54. Rdc3 Rf7 55. Rf3 b5 56. axb5+ Kxb5 57. Rfc3 c4 58. bxc4+ dxc4 59. Kg2 Rxf4 0-1

[Event "EU-ch Rapid"]
[Site "Katowice"]
[Date "2022.12.17"]
[Round "6"]
[White "Radecki, Adam"]
[Black "Marn, Jan"]
[Result "0-1"]
[WhiteElo "2012"]
[BlackElo "2332"]
[PlyCount "94"]
[EventDate "2022.12.17"]
[EventType "swiss (rapid)"]
[EventRounds "11"]
[EventCountry "POL"]
[SourceTitle "CBM 211 Extra"]
[Source "ChessBase"]
[SourceDate "2023.01.31"]
[SourceVersion "1"]
[SourceVersionDate "2023.01.31"]
[SourceQuality "1"]

1. e4 e5 2. Nf3 Nc6 3. Bc4 Bc5 4. c3 Nf6 5. d3 d6 6. Bb3 h6 7. Nbd2 Bb6 8. h3 Be6 9. Nf1 d5 10. Qe2 dxe4 11. dxe4 Bxb3 12. axb3 Nh5 13. b4 Qf6 14. N1h2 0-0 15. b5 Na5 16. Ng4 Qe6 17. Nfxe5 Nb3 18. Nxh6+ gxh6 19. Qxh5 f5 20. Bxh6 Qxe5 21. Qg6+ Kh8 22. Bxf8 Rxf8 23. Qh6+ Kg8 24. Qg6+ Kh8 25. Qh6+ Kg8 26. Qg6+ Qg7 27. Qxg7+ Kxg7 28. Rd1 fxe4 29. 0-0 Nc5 30. Rd4 Nd3 31. Rd7+ Kg6 32. Kh2 Nxf2 33. Re1 e3 34. b4 Rf7 35. Rd5 Rf5 36. Rd7 Rxb5 37. Re7 Kf6 38. R7xe3 Bxe3 39. Rxe3 Re5 40. Rf3+ Rf5 41. Re3 c6 42. g4 Nd1 43. Rd3 Rd5 44. Rf3+ Kg6 45. h4 Re5 46. Rd3 Re2+ 47. Kh1 Nf2+ 0-1

[Event "EU-ch Blitz"]
[Site "Katowice"]
[Date "2022.12.16"]
[Round "13"]
[White "Radecki, Adam"]
[Black "Domenech, Vianney"]
[Result "1-0"]
[WhiteElo "2012"]
[BlackElo "2249"]
[PlyCount "73"]
[EventDate "2022.12.16"]
[EventType "swiss (blitz)"]
[EventRounds "22"]
[EventCountry "POL"]
[SourceTitle "CBM 211 Extra"]
[Source "ChessBase"]
[SourceDate "2023.01.31"]
[SourceVersion "1"]
[SourceVersionDate "2023.01.31"]
[SourceQuality "1"]

1. e4 Nc6 2. d3 d6 3. Nd2 Nf6 4. g3 g6 5. Bg2 Bg7 6. f4 0-0 7. Ngf3 e5 8. 0-0 exf4 9. gxf4 Nh5 10. Nc4 b5 11. Na3 a6 12. c3 b4 13. cxb4 Nxb4 14. Nc4 Rb8 15. a3 Nc6 16. Rb1 Nd4 17. Nxd4 Bxd4+ 18. Kh1 Bd7 19. f5 Qh4 20. Rf3 d5 21. Nd2 dxe4 22. dxe4 Bc6 23. Rh3 Qe7 24. Qc2 Ba8 25. Nc4 Bg7 26. Bd2 Rfe8 27. Re1 Bd5 28. exd5 Qxe1+ 29. Bxe1 Rxe1+ 30. Bf1 Rxf1+ 31. Kg2 Rxf5 32. Qxf5 gxf5 33. Rxh5 Bxb2 34. Rxf5 Bd4 35. Rf4 Bc5 36. Ne5 Bd6 37. Rg4+ 1-0

[Event "EU-ch Blitz"]
[Site "Katowice"]
[Date "2022.12.16"]
[Round "15"]
[White "Zochowski, Kacper"]
[Black "Radecki, Adam"]
[Result "0-1"]
[WhiteElo "2256"]
[BlackElo "2012"]
[PlyCount "108"]
[EventDate "2022.12.16"]
[EventType "swiss (blitz)"]
[EventRounds "22"]
[EventCountry "POL"]
[SourceTitle "CBM 211 Extra"]
[Source "ChessBase"]
[SourceDate "2023.01.31"]
[SourceVersion "1"]
[SourceVersionDate "2023.01.31"]
[SourceQuality "1"]

1. Nf3 d5 2. c4 dxc4 3. e3 Nf6 4. Bxc4 e6 5. 0-0 Be7 6. Qe2 0-0 7. d4 b6 8. Nc3 Bb7 9. Rd1 Nbd7 10. e4 Rc8 11. h3 c5 12. dxc5 Rxc5 13. Be3 Rc8 14. e5 Ne4 15. Nxe4 Bxe4 16. Bb5 Bc6 17. Ba6 Rc7 18. Nd4 Bd5 19. Nb5 Bc4 20. Qe1 Bxb5 21. Bxb5 Qc8 22. f4 Nc5 23. Rac1 Rd8 24. Kh2 Rxd1 25. Rxd1 g6 26. Be2 Rd7 27. Bf3 Qd8 28. Rxd7 Qxd7 29. a3 Qb5 30. b4 Nd7 31. Qc3 Qa6 32. Qc6 Nf8 33. Qc3 Qa4 34. Bc6 Qd1 35. Bf3 Qd8 36. a4 a5 37. b5 Bb4 38. Qc6 Bd2 39. Qe4 Bxe3 40. Qxe3 Qc7 41. Qd4 Nd7 42. Bc6 Nc5 43. h4 Kg7 44. g3 h5 45. Kh3 Qe7 46. Qc4 Qd8 47. g4 hxg4+ 48. Kxg4 Qd1+ 49. Bf3 Qg1+ 50. Kh3 Qe3 51. Kg4 Nd3 52. Kg3 Qf2+ 53. Kg4 Qg1+ 54. Kh3 Nf2# 0-1

[Event "Ustron op-B"]
[Site "Ustron"]
[Date "2021.08.20"]
[Round "9"]
[White "Radecki, Adam"]
[Black "Sernecki, Franciszek"]
[Result "1/2-1/2"]
[WhiteElo "1976"]
[BlackElo "2196"]
[PlyCount "71"]
[EventDate "2021.08.13"]
[EventType "swiss"]
[EventRounds "9"]
[EventCountry "POL"]
[SourceTitle "CBM 204 Extra"]
[Source "ChessBase"]
[SourceDate "2021.11.30"]
[SourceVersion "1"]
[SourceVersionDate "2021.11.30"]
[SourceQuality "1"]

1. e4 e6 2. d3 d5 3. Nd2 Nf6 4. g3 dxe4 5. dxe4 e5 6. Bg2 Bc5 7. Ngf3 Nc6 8. 0-0 0-0 9. c3 a5 10. Qc2 Be6 11. Ng5 Bd7 12. Nc4 h6 13. Nf3 Qe7 14. Be3 Ng4 15. Bxc5 Qxc5 16. Qe2 Be6 17. Ncd2 Nf6 18. Nh4 Rfd8 19. Nf5 Rd7 20. Rfd1 Rad8 21. Nb3 Qb6 22. Rxd7 Rxd7 23. Re1 Bxb3 24. axb3 Qxb3 25. Ne3 Ne7 26. Ra1 a4 27. Ra3 Qe6 28. Rxa4 c6 29. Ra8+ Kh7 30. Qf1 Qb3 31. Qe2 Qe6 32. h4 b5 33. Kh2 Qd6 34. Bh3 Rd8 35. Ra7 g6 36. Bg2 1/2-1/2

[Event "Ustron op-B"]
[Site "Ustron"]
[Date "2021.08.13"]
[Round "1"]
[White "Radecki, Adam"]
[Black "Samborski, Henryk"]
[Result "1/2-1/2"]
[WhiteElo "1976"]
[BlackElo "2086"]
[PlyCount "73"]
[EventDate "2021.08.13"]
[EventType "swiss"]
[EventRounds "9"]
[EventCountry "POL"]
[SourceTitle "CBM 204 Extra"]
[Source "ChessBase"]
[SourceDate "2021.11.30"]
[SourceVersion "1"]
[SourceVersionDate "2021.11.30"]
[SourceQuality "1"]

1. e4 c5 2. Nf3 d6 3. d3 g6 4. g3 Bg7 5. Bg2 Nc6 6. 0-0 Nf6 7. Nbd2 0-0 8. Nh4 d5 9. f4 dxe4 10. Nxe4 Nxe4 11. Bxe4 Bh3 12. Ng2 Qd7 13. c3 Rac8 14. Be3 b6 15. Qc2 Nd4 16. Bxd4 cxd4 17. c4 b5 18. b3 Qd6 19. Rae1 e6 20. Rc1 bxc4 21. bxc4 Rb8 22. Rb1 e5 23. Rxb8 Rxb8 24. fxe5 Bxe5 25. Bd5 Be6 26. Bxe6 Qxe6 27. Rb1 h5 28. Rxb8+ Bxb8 29. Qb1 Bd6 30. Qe1 Qg4 31. Qf1 Kg7 32. Nh4 Be7 33. Nf3 h4 34. Kg2 hxg3 35. hxg3 Bf6 36. Qe2 Qf5 37. Qe4 1/2-1/2

[Event "Opole Termika Rapid op"]
[Site "Opole"]
[Date "2021.07.17"]
[Round "2"]
[White "Hnydiuk, Aleksander"]
[Black "Radecki, Adam"]
[Result "1-0"]
[WhiteElo "2407"]
[BlackElo "1976"]
[PlyCount "101"]
[EventDate "2021.07.17"]
[EventType "swiss (rapid)"]
[EventRounds "9"]
[EventCountry "POL"]
[SourceTitle "CBM 203 Extra"]
[Source "ChessBase"]
[SourceDate "2021.09.30"]
[SourceVersion "1"]
[SourceVersionDate "2021.09.30"]
[SourceQuality "1"]

1. Nf3 d5 2. d4 c6 3. c4 g6 4. Nc3 Nf6 5. cxd5 cxd5 6. Bf4 Bg7 7. e3 0-0 8. h3 Nc6 9. Bd3 Nb4 10. Bb1 e6 11. 0-0 Nc6 12. a3 a6 13. Bd3 b5 14. b4 Bb7 15. Nd2 Rc8 16. Nb3 Nd7 17. Bd6 Re8 18. Nc5 Nxc5 19. bxc5 Bf8 20. Bxf8 Rxf8 21. f4 Qf6 22. Qd2 Rfd8 23. Na2 Ne7 24. a4 bxa4 25. Nc3 Nf5 26. Rxa4 Rc6 27. Rb1 Qe7 28. Rab4 Bc8 29. Rb8 Qc7 30. R8b6 Rxb6 31. Rxb6 f6 32. Bxf5 gxf5 33. Kf2 Kh8 34. Qb2 Rg8 35. g3 Qg7 36. Ne2 Qh6 37. Kg2 Qh5 38. Rb8 a5 39. Ra8 Qf7 40. Rxa5 Re8 41. Ra8 Qc7 42. h4 e5 43. Kf2 exf4 44. Nxf4 Rd8 45. Qb6 Qe7 46. Ra7 Rd7 47. Rxd7 Bxd7 48. Nxd5 Qe6 49. Qxe6 Bxe6 50. Nf4 Bd7 51. d5 1-0

[Event "POL-chT 2nd League"]
[Site "Poronin"]
[Date "2020.09.13"]
[Round "9.13"]
[White "Gosciniak, Maria"]
[Black "Radecki, Adam"]
[Result "1/2-1/2"]
[WhiteElo "2094"]
[BlackElo "2002"]
[PlyCount "87"]
[EventDate "2020.09.05"]
[EventType "team-swiss"]
[EventRounds "9"]
[EventCountry "POL"]
[SourceTitle "CBM 198 Extra"]
[Source "ChessBase"]
[SourceDate "2020.11.30"]
[SourceVersion "1"]
[SourceVersionDate "2020.11.30"]
[SourceQuality "1"]
[WhiteTeam "Grzybowo GKSz Solny"]
[BlackTeam "Rydultowy Ognisko"]
[WhiteTeamCountry "POL"]
[BlackTeamCountry "POL"]

1. e4 d6 2. d4 Nf6 3. Nc3 Nbd7 4. Be3 e5 5. f4 Be7 6. h3 c6 7. dxe5 dxe5 8. f5 0-0 9. Bd3 Bc5 10. Bxc5 Nxc5 11. Qe2 Nxd3+ 12. Qxd3 Qxd3 13. cxd3 Rd8 14. 0-0-0 b6 15. Nf3 Re8 16. g4 h6 17. Rhg1 Ba6 18. Kc2 Rad8 19. h4 h5 20. gxh5 Nxh5 21. Rg5 Nf4 22. Rdg1 Bxd3+ 23. Kc1 Ne2+ 24. Nxe2 Bxe2 25. Nd2 Kh8 26. R1g2 Bd3 27. Rxg7 Rg8 28. R7g5 Rxg5 29. hxg5 Kg7 30. g6 Rh8 31. b3 Rh4 32. gxf7+ Kxf7 33. Rg6 Bxe4 34. Nxe4 Rxe4 35. Rxc6 Re2 36. a4 e4 37. Re6 Rf2 38. Rxe4 Rxf5 39. b4 Rf2 40. a5 bxa5 41. bxa5 Rf5 42. Ra4 Ke6 43. Kc2 Kd6 44. Kb3 1/2-1/2

[Event "POL-chT 2nd League"]
[Site "Poronin"]
[Date "2020.09.09"]
[Round "5.19"]
[White "Sikorski, Tomasz"]
[Black "Radecki, Adam"]
[Result "0-1"]
[WhiteElo "1702"]
[BlackElo "2002"]
[PlyCount "76"]
[EventDate "2020.09.05"]
[EventType "team-swiss"]
[EventRounds "9"]
[EventCountry "POL"]
[SourceTitle "CBM 198 Extra"]
[Source "ChessBase"]
[SourceDate "2020.11.30"]
[SourceVersion "1"]
[SourceVersionDate "2020.11.30"]
[SourceQuality "1"]
[WhiteTeam "Siedlce KSz Skoczek"]
[BlackTeam "Rydultowy Ognisko"]
[WhiteTeamCountry "POL"]
[BlackTeamCountry "POL"]

1. d4 Nf6 2. Bf4 g6 3. e3 Bg7 4. Nf3 0-0 5. Nbd2 d5 6. Be2 Bf5 7. 0-0 Nbd7 8. h3 Rc8 9. c3 c5 10. Qa4 a6 11. Rfc1 c4 12. g4 Be6 13. Ng5 Qb6 14. Nxe6 Qxe6 15. Bf1 b5 16. Qc2 h5 17. g5 Nh7 18. e4 Nb6 19. Re1 Qd7 20. Bg2 Rfd8 21. Nf3 a5 22. h4 b4 23. Ne5 Bxe5 24. Bxe5 Qg4 25. Bg3 Nxg5 26. hxg5 h4 27. Be5 h3 28. f4 Nd7 29. Qe2 Qxg2+ 30. Qxg2 hxg2 31. exd5 Nb6 32. d6 exd6 33. Bf6 Re8 34. Be7 Rc6 35. Re4 Nd5 36. Rae1 bxc3 37. Bf6 Rxe4 38. Rxe4 Nxf6 0-1

[Event "Bohumin op 3rd"]
[Site "Bohumin"]
[Date "2020.07.26"]
[Round "9"]
[White "Radecki, Adam"]
[Black "Dobrovolsky, Ladislav"]
[Result "1/2-1/2"]
[WhiteElo "1895"]
[BlackElo "2271"]
[PlyCount "117"]
[EventDate "2020.07.18"]
[EventType "swiss"]
[EventRounds "9"]
[EventCountry "CZE"]
[SourceTitle "CBM 197 Extra"]
[Source "ChessBase"]
[SourceDate "2020.09.30"]
[SourceVersion "1"]
[SourceVersionDate "2020.09.30"]
[SourceQuality "1"]

1. e4 c5 2. Nf3 e6 3. d3 Nc6 4. g3 d5 5. Nbd2 Bd6 6. Bg2 Nge7 7. 0-0 0-0 8. Re1 f5 9. exd5 exd5 10. d4 c4 11. c3 f4 12. Nf1 fxg3 13. hxg3 Bg4 14. N1h2 Bh5 15. Be3 Qc7 16. Qd2 Rae8 17. Ng5 Rf6 18. f4 h6 19. Ngf3 Rg6 20. Bf2 Rf8 21. Ne5 Bxe5 22. dxe5 Rd8 23. Bh3 d4 24. cxd4 Nxd4 25. Qc3 Ne2+ 26. Rxe2 Bxe2 27. Qe1 Bd3 28. Nf3 Ra6 29. Nd4 Qa5 30. Qe3 g6 31. Qf3 Qd5 32. Be6+ Rxe6 33. Qxd5 Rxd5 34. Nxe6 Rb5 35. b3 cxb3 36. axb3 Rxb3 37. Nc5 Rb1+ 38. Rxb1 Bxb1 39. Nxb7 Nc6 40. Nd6 a6 41. Bc5 h5 42. Kf2 Nd8 43. Kf3 Ne6 44. Bb6 Bf5 45. Nb7 Kf7 46. Nd8+ Nxd8 47. Bxd8 Ke6 48. Ke3 Kd5 49. Kd2 Ke4 50. Kc3 Kf3 51. Bh4 a5 52. Kb3 Bd7 53. Ka3 Kg4 54. Kb3 g5 55. fxg5 Kf5 56. g6 Kxg6 57. Bd8 a4+ 58. Ka3 Kf5 59. e6 1/2-1/2

[Event "Jastrzebie Zdroj op"]
[Site "Jastrzebie Zdroj"]
[Date "2019.08.14"]
[Round "3"]
[White "Molenda, Marcin"]
[Black "Radecki, Adam"]
[Result "1-0"]
[WhiteElo "2387"]
[BlackElo "1792"]
[PlyCount "99"]
[EventDate "2019.08.12"]
[EventType "swiss"]
[EventRounds "9"]
[EventCountry "POL"]
[SourceTitle "CBM 191 Extra"]
[Source "ChessBase"]
[SourceDate "2019.09.30"]
[SourceVersion "1"]
[SourceVersionDate "2019.09.30"]
[SourceQuality "1"]

1. d4 Nf6 2. c4 g6 3. g3 c6 4. Nf3 d5 5. Bg2 Bg7 6. 0-0 0-0 7. Nbd2 Ne4 8. e3 Nxd2 9. Nxd2 Bf5 10. cxd5 cxd5 11. Qb3 Nc6 12. Qxb7 Qd6 13. Qa6 Rab8 14. Nb3 Rb6 15. Qe2 Nb4 16. Bd2 Rc8 17. Bxb4 Rxb4 18. Rac1 Rbc4 19. f4 Rc2 20. Qb5 Qe6 21. Rxc2 Rxc2 22. Re1 Be4 23. Re2 Rxe2 24. Qxe2 Bxg2 25. Kxg2 Qe4+ 26. Kh3 h5 27. Nc5 Qb1 28. b3 e6 29. Nd3 Bf8 30. Kg2 Bd6 31. h3 Kg7 32. Nf2 a5 33. Nd3 Kg8 34. Qd2 Bb4 35. Qe2 Bd6 36. Nf2 Kg7 37. g4 hxg4 38. Nxg4 Qe4+ 39. Kf2 Be7 40. Kg1 Bh4 41. Ne5 Bf6 42. Qd3 Qxd3 43. Nxd3 Be7 44. Ne5 Bb4 45. Nc6 Bc3 46. a3 Kf8 47. b4 axb4 48. axb4 Ke8 49. b5 Kd7 50. Ne5+ 1-0

[Event "Jastrzebie Zdroj op"]
[Site "Jastrzebie Zdroj"]
[Date "2019.08.13"]
[Round "2"]
[White "Radecki, Adam"]
[Black "Klepek, Witold"]
[Result "1/2-1/2"]
[WhiteElo "1792"]
[BlackElo "2197"]
[PlyCount "96"]
[EventDate "2019.08.12"]
[EventType "swiss"]
[EventRounds "9"]
[EventCountry "POL"]
[SourceTitle "CBM 191 Extra"]
[Source "ChessBase"]
[SourceDate "2019.09.30"]
[SourceVersion "1"]
[SourceVersionDate "2019.09.30"]
[SourceQuality "1"]

1. e4 c5 2. Nf3 e6 3. d3 Nc6 4. g3 d5 5. Nbd2 Nf6 6. Bg2 Be7 7. 0-0 Qc7 8. Re1 0-0 9. c3 b6 10. exd5 Nxd5 11. d4 cxd4 12. Nxd4 Nxd4 13. cxd4 Bb7 14. Nf3 Bb4 15. Bd2 Bxd2 16. Qxd2 Nf6 17. Rac1 Qd6 18. Red1 Rac8 19. a3 h6 20. Ne1 Rxc1 21. Rxc1 Bxg2 22. Kxg2 Rd8 23. Rd1 Qc6+ 24. Kg1 Rc8 25. Qe3 Qa4 26. Qe2 b5 27. Nf3 Rc2 28. Rd2 Rc1+ 29. Kg2 Qb3 30. Ne5 Rc8 31. Qf3 Qxf3+ 32. Kxf3 Kf8 33. Ke3 Ke7 34. Kd3 a6 35. Rc2 Rxc2 36. Kxc2 Nd5 37. Kd3 f6 38. Nf3 Kd6 39. Nd2 Nb6 40. Ne4+ Kd5 41. b3 a5 42. Nc3+ Kc6 43. a4 b4 44. Ne4 Nd7 45. f4 Kd5 46. Nd2 Nb6 47. Nf1 Kd6 48. Ne3 f5 1/2-1/2

[Event "Bohumin op 2nd"]
[Site "Bohumin"]
[Date "2019.06.25"]
[Round "4"]
[White "Horvath, Tomas"]
[Black "Radecki, Adam"]
[Result "1-0"]
[WhiteElo "2048"]
[BlackElo "1803"]
[PlyCount "105"]
[EventDate "2019.06.22"]
[EventType "swiss"]
[EventRounds "9"]
[EventCountry "CZE"]
[SourceTitle "CBM 191 Extra"]
[Source "ChessBase"]
[SourceDate "2019.09.30"]
[SourceVersion "1"]
[SourceVersionDate "2019.09.30"]
[SourceQuality "1"]

1. e4 c5 2. d4 cxd4 3. c3 d6 4. cxd4 Nf6 5. Nc3 g6 6. Nf3 Bg7 7. Bc4 0-0 8. 0-0 a6 9. Bg5 b5 10. Bd3 Bb7 11. Re1 Nc6 12. Rc1 Rc8 13. Qd2 Nd7 14. Nd5 Re8 15. Bb1 Nb6 16. Nxb6 Qxb6 17. Be3 Qd8 18. b3 e5 19. d5 Ne7 20. Bh6 Qd7 21. Bxg7 Kxg7 22. Qg5 f6 23. Qh4 Rxc1 24. Rxc1 Rc8 25. Rd1 Rc3 26. Bd3 Qc8 27. h3 b4 28. Qg4 Rc1 29. Rf1 Qc7 30. Nd2 Rxf1+ 31. Nxf1 a5 32. Qe2 Nc8 33. Ba6 Na7 34. Ne3 Qb6 35. Bxb7 Qxb7 36. Nc4 Qc7 37. Qg4 Nb5 38. Qe6 a4 39. Kh2 a3 40. Qe8 Nd4 41. Qa4 Qc5 42. Qd7+ Kh6 43. Nxd6 Nf3+ 44. Kg3 Ng5 45. h4 Qc3+ 46. Kh2 Nf3+ 47. gxf3 Qxf3 48. Kg1 f5 49. Nf7+ Kh5 50. Nxe5 Qd1+ 51. Kh2 h6 52. Qf7 Kxh4 53. Qxg6 1-0

[Event "POL-ch U16 rapid"]
[Site "Wroclaw"]
[Date "2017.08.06"]
[Round "1"]
[White "Gumularz, Szymon"]
[Black "Radecki, Adam"]
[Result "1-0"]
[WhiteElo "2239"]
[BlackElo "1788"]
[PlyCount "73"]
[EventDate "2017.08.06"]
[EventType "swiss (rapid)"]
[EventRounds "11"]
[EventCountry "POL"]
[SourceTitle "CBM 180 Extra"]
[Source "ChessBase"]
[SourceDate "2017.10.06"]
[SourceVersion "1"]
[SourceVersionDate "2017.10.06"]
[SourceQuality "1"]

1. e4 c5 2. Nf3 d6 3. c3 Nf6 4. h3 Nc6 5. Bd3 g6 6. 0-0 Bg7 7. Bc2 0-0 8. d4 cxd4 9. cxd4 e5 10. d5 Nb4 11. Bb3 Na6 12. Nc3 Nc5 13. Bc2 b6 14. b4 Ncd7 15. Be3 Ba6 16. Bd3 Bxd3 17. Qxd3 Rc8 18. Nb5 Qe7 19. Nxa7 Ra8 20. Nc6 Qe8 21. a4 Nb8 22. Rfc1 Nxc6 23. Rxc6 Nxe4 24. Qxe4 f5 25. Qc4 f4 26. Bd2 e4 27. Re1 Rxa4 28. Qxe4 Qf7 29. Qe6 Ra1 30. Ng5 Rxe1+ 31. Bxe1 Qxe6 32. Nxe6 Re8 33. Rxd6 Be5 34. Rxb6 Ra8 35. Kf1 Ra2 36. d6 Kf7 37. d7 1-0

[Event "POL-chT U20 2nd League"]
[Site "Szczyrk"]
[Date "2017.07.27"]
[Round "8.84"]
[White "Radecki, Adam"]
[Black "Gozdzicki, Maciej"]
[Result "0-1"]
[WhiteElo "1788"]
[BlackElo "1544"]
[PlyCount "142"]
[EventDate "2017.07.22"]
[EventType "team-swiss"]
[EventRounds "11"]
[EventCountry "POL"]
[SourceTitle "EXT 2019"]
[Source "ChessBase"]
[SourceDate "2018.10.10"]
[SourceVersion "1"]
[SourceVersionDate "2018.10.10"]
[SourceQuality "1"]

1. e4 c5 2. Nf3 e6 3. d4 cxd4 4. Nxd4 Nf6 5. Bd3 d6 6. Bg5 Be7 7. Nd2 a6 8. 0-0 Qc7 9. Qe2 b5 10. a4 b4 11. c3 bxc3 12. Rac1 Bb7 13. Rxc3 Qd8 14. Rb3 Qc7 15. Nc4 Nbd7 16. Bxf6 gxf6 17. Rc3 Nc5 18. Qc2 Rg8 19. b4 Nxd3 20. Qxd3 f5 21. f3 fxe4 22. fxe4 Rc8 23. Qf3 Rg7 24. Rfc1 Qb8 25. Na5 Rxc3 26. Rxc3 Kd7 27. b5 Qa7 28. Nac6 Bxc6 29. bxc6+ Kc7 30. Qe3 Kc8 31. Qf2 Rg6 32. Rf3 Rg7 33. Kh1 Bd8 34. Qb2 Rg4 35. Qb1 Bb6 36. h3 Rh4 37. Qe1 Bd8 38. Rd3 Rf4 39. Nf3 Qc5 40. e5 d5 41. Qb1 Qxc6 42. Rb3 Re4 43. Rb2 Rxa4 44. Nd2 Kd7 45. Qf1 Be7 46. Rb1 Ra2 47. Nf3 Qc7 48. Rc1 Qa5 49. Qd3 Ra1 50. Rxa1 Qxa1+ 51. Kh2 Qa4 52. Qxh7 Qf4+ 53. Kh1 a5 54. Qd3 Qb4 55. Qa6 a4 56. Qa7+ Ke8 57. Qa8+ Bd8 58. h4 a3 59. h5 Qb1+ 60. Kh2 a2 61. Qa4+ Kf8 62. Qd7 Be7 63. h6 Qb8 64. h7 Bf6 65. Qc8+ Qxc8 66. exf6 Ke8 67. h8Q+ Kd7 68. Ne5+ Kc7 69. Qg7 a1Q 70. Nxf7 Kb6 71. Qg5 Qc7+ 0-1